Services offered by athletic trainers at private sports medicine clinics in the United States /

Bibliographic Details
Main Author: Papez, David Michael
Format: Thesis Microform Book
Language:English
Published: [Place of publication not identified] : [publisher not identified] ; 1993.
Subjects:

MARC

Tag First Indicator Second Indicator Subfields
LEADER 00000ctm a2200000 a 4500
001 in00001328521
005 20151005082038.0
007 he bmb024buca
008 960607s1993 xx bb 000 0 eng d
035 |a (OCoLC)34889352 
035 |9 AHD4701AM 
037 |a PE 3615  |b Microform Publications  |c $8.00 
040 |a UMC  |c UMC  |d HPE  |d TXA  |d UtOrBLW 
043 |a n-us--- 
049 |a TXAI 
090 |a RC1210  |b .P36 1993a 
092 |a 617.1027 
099 |a fiche C  |a 18756 
100 1 |a Papez, David Michael. 
245 1 0 |a Services offered by athletic trainers at private sports medicine clinics in the United States /  |c by David Michael Papez. 
264 1 |a [Place of publication not identified] :  |b [publisher not identified] ;  |c 1993. 
300 |a iii, 109 leaves. 
336 |a text  |b txt  |2 rdacontent 
337 |a microform  |b h  |2 rdamedia 
338 |a microfiche  |b he  |2 rdacarrier 
502 |b M.S.  |c Iowa State University  |d 1993. 
504 |a Includes bibliographical references (leaves 90-91). 
533 |a Microfiche.  |b Eugene, Ore. :  |c Microform Publications, University of Oregon,  |d 1996.  |e 2 microfiches : negative.  |n "UO 96 22--UO 96 23." 
539 |a s  |b 1996  |d oru  |e n  |g b 
500 |a Microform. 
650 0 |a Athletic trainers  |z United States. 
650 0 |a Sports medicine  |x Practice  |z United States. 
999 |a MARS 
999 f f |s f4abdb3d-ce59-3388-98e6-7e1a8697f850  |i a73c9c2b-256d-3b34-bc89-9d243a533512  |t 0 
952 f f |p default  |a Texas A&M University  |b College Station  |c Sterling C. Evans Library  |d Evans: Microforms (3rd floor)  |t 0  |e fiche C 18756  |h Other scheme  |i microform -- microfiche 
998 f f |a fiche C 18756  |t 0  |l Evans: Microforms (3rd floor)